Plan de actividades del ITCO sobre desarrollo rural período 1974-78, versión preliminar

Guardado en:
Bibliografiske detaljer
Institution som forfatter: Instituto de Tierras y Colonización (Costa Rica)
Format: Texto
Udgivet: San José: ITCO
Tags: Tilføj Tag
Ingen Tags, Vær først til at tagge denne postø!

MARC

LEADER 00000 a a2200000 04500
001 17660
003
040
090 |a 000600  
110 |a Instituto de Tierras y Colonización (Costa Rica)  
245 |a Plan de actividades del ITCO sobre desarrollo rural período 1974-78, versión preliminar  
260 |a San José:   |b ITCO  
300 |a 109 p  
999 |c 13557  |d 13557